| 000 | 00000nam##2200000za#4500 |
| 001 | 9.573214 |
| 003 | CaOODSP |
| 005 | 20210624183609 |
| 007 | cr ||||||||||| |
| 008 | 150406|2001||||xxc|||||o f|0| 0 eng|d |
| 040 | |aCaOODSP|beng |
| 043 | |an-cn--- |
| 086 | 1 |aJS42-95/2001E-PDF |
| 110 | 1 |aCanada. |bSolicitor General Canada. |
| 245 | 12|aA cost-benefit analysis of Hollow Water's Community Holistic Circle Healing process / |h[electronic resource]|cauthor: Native Counselling Services of Alberta, lead researcher: Dr. Joe Couture. |
| 260 | |aOttawa - Ontario : |bSolicitor General Canada |c2001. |
| 300 | |a166p.|billus., references, tables |
| 490 | 1 |aAboriginal peoples collection|vAPC 20 CA (2001) |
| 500 | |a"Unlike other mainstream systems (justice, family/social services) the process holistically involves victims, victimizers and their respective families; it creates spiritual, physical, emotional and intellectual balance that benefits the entire Hollow Water community."--Page ii, Program description. |
| 500 | |aThe catalogue number (JS42-95/2001E) and ISBN (0-662-30035-1) for the print edition have been incorrectly copied in this electronic publication. |
| 590 | |a12-04-Supp|b2012-02-20 |
| 690 | 07|aIndigenous rights|2gcpds |
| 690 | 07|aJustice system|2gcpds |
| 720 | 1 |aCouture, Joe |
| 775 | 08|tUne analyse de rentabilité du processus holistique de guérison de la Première nation de Hollow Water / |w(CaOODSP)9.603424 |
| 776 | 0#|tA cost-benefit analysis of Hollow Water's Community Holistic Circle Healing process / |w(CaOODSP)9.615523 |
| 830 | #0|aAboriginal peoples collection ;|vAPC 20 CA (2001)|w(CaOODSP)9.505592 |
| 856 | 40|ahttp://publications.gc.ca|qPDF|s919 KB|uhttps://publications.gc.ca/collections/collection_2012/sp-ps/JS42-95-2001-eng.pdf|yAPC 20 CA (2001) |